000 00419nam a2200157Ia 4500
008 210716s2009 xx 000 0 und d
020 _a9788174467409
041 _aeng
082 _a338.04 DUTB
100 _aDutta, Bholanath.
245 _aEntrepreneurship management: text and cases.
_bText and cases.
250 _a1
260 _aNew Delhi
_bExcel Books
_c2009
300 _axi,471
650 _aEntrepreneurship
999 _c205427
_d205427